| 000 | 00737nam a2200241 a 4500 | ||
|---|---|---|---|
| 001 | 61045 | ||
| 003 | BD-RjUL | ||
| 005 | 20211209080920.0 | ||
| 008 | 170114s1984 vaua p 000 0 eng | ||
| 020 |
_a0835919943 (pbk.) _c: $14.95 |
||
| 035 | _a(BD-RjUL)61169 | ||
| 040 |
_aDLC _cDLC _dDLC _dBD-RjUL _beng |
||
| 041 | _aeng | ||
| 082 | 0 | 0 |
_a658.151 _223 _bSEF 1984 |
| 100 | 1 |
_aSeitz, Neil, _d1943- _9182176 |
|
| 245 | 1 | 0 |
_aFinancial analysis : _ba programmed approach / _cNeil Seitz. |
| 250 | _a3rd ed. | ||
| 260 |
_aReston, Va. : _bReston Pub. Co., _cc1984. |
||
| 300 |
_axiii, 320 p. : _bill. ; _c24 cm. |
||
| 650 | 0 |
_aBusiness enterprises _xFinance _xProgrammed instruction. _9182177 |
|
| 942 |
_2ddc _cBK |
||
| 999 |
_c61045 _d61045 |
||